[Event "CAN-ch zt"]
[Site "Richmond"]
[Date "2002.03.31"]
[Round "11"]
[White "Charbonneau, Pascal"]
[Black "Cummings, David H"]
[Result "1-0"]
[WhiteElo "2386"]
[BlackElo "2373"]
[Annotator "Charbonneau,P"]
[PlyCount "69"]
[EventDate "2002.03.21"]
[EventType "swiss"]
[EventRounds "11"]
[EventCountry "CAN"]
[SourceTitle "CBM 088"]
[Source "ChessBase"]
[SourceDate "2002.03.21"]
[SourceVersion "1"]
[SourceVersionDate "2002.03.21"]
[SourceQuality "1"]

{This is probably the most nervous game I have ever played. I had to win in
order to ensure a tie for first place, and this caused me to play very
aggressively - perhaps too much so...} 1. e4 c5 2. Nf3 e6 3. d4 cxd4 4. Nxd4
Nc6 {David is a very solid IM, and a tough last round opponent. The Taimanov
is his long time favorite, but also an opening I play with Black. For the
occasion I had prepared a complicated line that I hoped he had never faced
before.} 5. Nc3 Qc7 6. Be2 a6 7. Be3 Nf6 8. a3 $5 {This move has been played
hundreds of times by players who want to castle queenside and avoid the pin
Bb4. But it can also be used as a super aggressive tool to steer the game away
from the kinds of positions that Taimanov players consider their bread and
butter.} Be7 9. f4 d6 10. g4 $1 {The point of White's aggressive setup.} O-O {
Black has a number of ways of snatching the g/pawn, but all of them hand
control of square/d5 to White. In exchange for the pawn White gets plenty of
pressure in the center and along the half-open g/file. For an example of this
strategy readers should examine the game Movsesian-Van der Sterren, DE BL 2000.
} 11. g5 Nd7 12. h4 Re8 ({Very good for White is} 12... Nxd4 13. Qxd4 e5 14.
Qd2 exf4 15. Bxf4 Ne5 16. Nd5) 13. Qd2 b5 14. h5 Nxd4 15. Bxd4 Bb7 16. O-O-O e5
17. Be3 exf4 18. Bxf4 {White has an overwhelming attack, and it should be only
a few moves for him to break through to Black's king.} Bf8 19. Rdf1 $6 ({
All of White's moves leading up to this position were fine, but now the text
lacks the required punch. Much more aggressive is} 19. g6 {when Black's king
immediately finds itself under fire.}) 19... Nc5 20. g6 $1 Rxe4 21. Bf3 $6 ({
A better reaction is} 21. gxf7+ Kh8 ({Black loses after} 21... Qxf7 22. Nxe4
Qa2 23. Nc3 Qa1+ 24. Nb1 Nb3+ 25. cxb3 Rc8+ 26. Qc2) 22. h6 {when} Rxf4 23.
Qxf4 Bxh1 24. hxg7+ Bxg7 25. Rxh1 {should still win for White.}) 21... b4 $1
22. axb4 Rxb4 23. gxf7+ $2 ({And that is simply bad?! Much better is to
exchange bishops first with} 23. Bxb7 Qxb7 24. gxf7+ Kh8 ({or} 24... Qxf7 25.
Bxd6) 25. h6 Rxb2 26. hxg7+ Bxg7 27. Qh2 {and Black must resign.}) 23... Qxf7 {
The tables have been turned completely, and it is now Black who has a strong
attack!} 24. Nd5 Ra4 $1 25. b4 {Here I began to panic, feeling that the
position has completely drifted away from me.} Ra1+ $2 ({Fritz gives Black a
winning advantage after} 25... Ra3 $1) 26. Kb2 Rxf1 27. Rxf1 Ne6 {Now White
has good chances to expose Black's king and queen, despite his opponent's
slight material advantage.} 28. Be3 Qf5 29. c3 Rb8 30. Qg2 $1 Qe5 31. Nf6+ $1 {
White has reason to be confident again, but only after sweating for at least
the last ten moves!?} Qxf6 32. Bxb7 Qe5 33. Bd2 Nc7 34. h6 Be7 $4 ({David
falters in time pressure and allows his opponent to finish the game in style.
Instead, after} 34... g6 35. Qf2 {White just has compensation for the pawn.})
35. Rf5 $3 1-0

[Event "Asia-chT fin 11th"]
[Site "Singapore"]
[Date "1995.12.15"]
[Round "2"]
[White "Saltaev, Mihail"]
[Black "Liang, Jinrong"]
[Result "1-0"]
[WhiteElo "2520"]
[BlackElo "2450"]
[Annotator "Chekhov,V"]
[PlyCount "103"]
[EventDate "1995.12.14"]
[EventType "team"]
[EventRounds "9"]
[EventCountry "SIN"]
[SourceTitle "CBM 050 Extra"]
[Source "ChessBase"]
[SourceDate "1996.03.01"]
[SourceVersion "1"]
[SourceVersionDate "1996.03.01"]
[SourceQuality "1"]
[WhiteTeam "Uzbekistan"]
[BlackTeam "China"]
[WhiteTeamCountry "UZB"]
[BlackTeamCountry "CHN"]

1. e4 c5 2. Nf3 Nc6 3. d4 cxd4 4. Nxd4 e6 5. Nc3 a6 6. Be3 Qc7 7. Bd3 Nf6 8.
O-O Ne5 9. h3 Bc5 10. Kh1 d6 11. f4 Ng6 (11... Ned7 $5 12. a3 O-O 13. Qe1 Qb6
14. Qf2 e5 15. fxe5 dxe5 16. Nf5 Bxe3 17. Nxe3 Qxb2 18. Ned5 Nxd5 19. Nxd5 $44
{Kasparov,G-Ivanchuk,V/Novgorod/1994/0,5/24/}) (11... Nc6 $6 12. e5 $1 Nxe5 13.
fxe5 dxe5 14. Bb5+ axb5 15. Ndxb5 Qc6 16. Bxc5 Qxc5 17. Nd6+ Ke7 18. Rxf6 $1
gxf6 19. Nce4 Qd4 20. Qh5 $40 {Kasparov,G-Anand,V/Tilburg/1991/1|0/29/}) 12.
Qe1 $5 {N/} (12. Qd2 $5) (12. Qe2 $5) (12. Qf3 $5) 12... O-O 13. f5 e5 $6 (
13... Ne5 $5 14. Qg3 Kh8 15. Rf2 Bd7 16. Raf1 b5 $132) 14. fxg6 exd4 15. Rxf6
$1 dxc3 (15... gxf6 16. Nd5 Qd8 17. gxh7+ Kh8 18. Bh6 $18) 16. gxh7+ Kh8 (16...
Kxh7 17. e5+ Kg8 18. Qh4 $18) 17. Qxc3 Qe7 (17... gxf6 18. Qxf6+ Kxh7 19. e5+
Kg8 20. Qg5+ $18) 18. Bxc5 (18. Rf3 $5 $16) 18... dxc5 (18... Qxf6 19. Qxf6
gxf6 20. Bxd6 Re8 21. Rf1 $16) 19. Rf4 $16 b5 20. Raf1 Be6 21. a3 Rad8 22. Be2
(22. Qe5 $5) 22... Qd6 23. Bh5 Qd4 24. Qxd4 Rxd4 25. c3 (25. Bxf7 Rxf7 26. Rxf7
Bxf7 27. Rxf7 Rxe4 28. Rf2 Kxh7 $15) 25... Rd2 26. R1f2 Rfd8 27. Kg1 (27. Bxf7
$2 Rxf2 28. Rxf2 Rf8) 27... g6 28. Bg4 Bxg4 29. hxg4 Rxf2 30. Kxf2 Rd7 (30...
Rd2+ 31. Kf3 Rxb2 32. Rxf7 $18) 31. Ke3 Kxh7 32. Rf6 Ra7 33. Rc6 $18 c4 34. g5
Kg7 35. e5 Kf8 36. Kd4 Ke7 37. Kc5 Ra8 (37... Rd7 38. Rd6 $1 (38. Rxa6 Rd2 39.
Kxb5 Rxb2+ 40. Kxc4 Rxg2 41. Kd5 Rxg5 42. Ra7+ Kf8 43. Kd6 Rg3 44. Ra8+ Kg7 45.
c4 Rd3+ 46. Kc6 g5 $132) 38... Ra7 39. Kb6 $18) 38. Kb6 Rh8 39. Kxa6 Rh2 40.
Kxb5 Rxg2 41. Kxc4 Rxb2 42. a4 Rg2 (42... Ra2 43. Kb4 Rb2+ 44. Ka3 Rg2 45. a5
$18) 43. a5 Rxg5 44. Kd5 Kd7 45. Rf6 Ke8 46. a6 Rg1 47. Kc6 Rc1 48. a7 Rxc3+
49. Kb7 Rb3+ 50. Rb6 Ra3 51. Ra6 Rb3+ 52. Kc6 1-0

[Event "Candas op"]
[Site "Candas"]
[Date "1992.??.??"]
[Round "2"]
[White "Mainka, Romuald"]
[Black "Langeweg, Kick"]
[Result "1-0"]
[WhiteElo "2455"]
[BlackElo "2405"]
[Annotator "ChessBase"]
[PlyCount "64"]
[EventDate "1992.10.??"]
[EventType "swiss"]
[EventRounds "9"]
[EventCountry "ESP"]
[SourceTitle "TD"]
[Source "ChessBase"]
[SourceDate "1994.03.01"]
[SourceVersion "1"]
[SourceVersionDate "1994.03.01"]
[SourceQuality "1"]

1. e4 c5 2. Nf3 e6 3. d4 cxd4 4. Nxd4 Nc6 5. Nc3 Qc7 6. Be3 a6 7. Bd3 Nf6 8.
O-O Ne5 9. h3 Bc5 10. Na4 $5 Ba7 11. c4 d6 12. Rc1 Nxd3 (12... Ned7 13. Nc3 {
[Las blancas estín algo mejor]}) 13. Qxd3 Nd7 $6 (13... Bd7 $5) 14. Nf3 Bxe3 (
14... Nc5 15. Nxc5 dxc5 16. Rfd1 O-O 17. e5 {[Las blancas tienen clara ventaja]
}) 15. Qxe3 b6 16. Rfd1 Bb7 (16... Nc5 17. Nc3 {[Con idea de 18.b4]}) 17. Qd4
Ke7 18. b4 $1 Rad8 19. Qxg7 Bxe4 20. Ng5 Bg6 21. Re1 $1 {[Amenazando Txe6++]}
e5 (21... Ne5 22. c5 $1 {[Con posición ganadora para las blancas]}) 22. c5 bxc5
23. bxc5 d5 (23... Rhg8 24. Qh6 Nxc5 25. Qh4 f6 26. Nxh7 $1 {[Con posición
ganadora para las blancas]}) 24. Nb6 Nf6 25. Nxd5+ Rxd5 (25... Nxd5 26. Rxe5+ {
[Seguido de Txd5]}) 26. Qxh8 Rxc5 27. Rxc5 Qxc5 28. Qb8 e4 29. Nf3 Nd7 30. Qb2
Kd8 31. Rc1 Qd5 32. Nd4 Ne5 {[33.Db8+ Re7 34.Dxe5+ y 35.Cc6+]} 1-0

[Event "AUT-chT"]
[Site "Austria"]
[Date "1990.??.??"]
[Round "?"]
[White "Schlosser, Michael"]
[Black "Duer, Arne"]
[Result "1-0"]
[WhiteElo "2340"]
[BlackElo "2390"]
[Annotator "ChessBase"]
[PlyCount "135"]
[EventDate "1990.??.??"]
[EventType "team"]
[EventRounds "11"]
[EventCountry "AUT"]
[SourceTitle "TD"]
[Source "ChessBase"]
[SourceDate "1994.03.01"]
[SourceVersion "1"]
[SourceVersionDate "1994.03.01"]
[SourceQuality "1"]

1. e4 c5 2. Nf3 e6 3. d4 cxd4 4. Nxd4 Nc6 5. Nc3 Qc7 6. Be3 a6 7. f4 b5 8. e5
$5 {Vermutlich eine Neuerung.} Bb7 (8... d6 $2 9. exd6 (9. Bxb5 axb5 10. Ndxb5
{nebst 11.exd6 und Drohung auf c7.}) 9... Qxd6 (9... Bxd6 10. Bxb5) 10. Ncxb5
axb5 11. Bxb5 {nebst Sxc6.}) (8... f6 9. Bd3 f5 (9... fxe5 10. Nxc6 dxc6 11.
Qh5+ Qf7 12. Qxf7+ $1 Kxf7 13. fxe5 {mit nachfolgender 0-0 und Weiss hat
aufgrund seines Entwicklungsvorsprungs entscheidenden Vorteil.}) 10. g4 $1 Bb7
11. Rf1 Nxd4 12. Bxd4 {und nun scheitert 12... g6 an 13.gxf5 exf5 (13... gxf5
14.Dh5+) 14.e6!.}) 9. Bd3 {Um gegebenenfalls, z.B. nach 9... b4, Se4 spielen
zu koennen. Auf 9... Sb4 waere nun 10.Le4 gut.} Nh6 $5 {Kontrolliert die
Felder f5 und g4.} (9... Nxd4 10. Bxd4 Bxg2 11. Rg1 $16) (9... d6 $5 10. exd6 {
Hier gaebe das Figurenopfer 10.Lxb5, mit der Absicht 10... axb5 11.Sdxb5 nebst
12.exd6 nach 10... dxe5! eher schwarz die besseren Chancen.} Qxd6 {und Schwarz
hat nach Abschluss seiner Entwicklung mittels Sf6 und Le7 keiner- lei Probleme,
das Spiel auszugleichen.} (10... Bxd6 $2 11. Bxb5 $1)) 10. Qe2 Rc8 {Nach der
Partie schlug IM Duer als moegliche Verbesserung 10... La7, mit der Absicht,
nach 11.0-0 0-0 12.Tad1 sogleich Tad8 zu spielen und ... d6 durchzu- setzen.
Die Partie ginge dann in andere Bahnen ueber.} 11. a3 $6 {Gegen die Drohung 11.
..Sb4 12.Le4 Lxe4 13.Se4 Sxc2+ gerichtet. Der Textzug war indes nicht
notwendig, da Weiss dieses Tempo mit 11.0-0 einsparen konnte und gleichzeitig
eine Falle stellen konnte:} (11. O-O Nb4 12. Be4 Bxe4 13. Nxe4 Nxc2 14. Nxc2
Qxc2 15. Rac1 Qxe2 16. Rxc8+ Ke7 17. Nd6 {mit undeckbarem Matt.}) 11... b4 $2 {
Leitet in ein schlechtes Endspiel über. Richtig war es, dem Tempoverlust 11.
a3? mit Sa5! zu begegnen:} (11... Na5 $1 12. O-O Nc4 13. Ncxb5 $6 axb5 14. Nxb5
Qc6 15. Na7 Qd5 (15... Qxg2+ 16. Qxg2 Bxg2 17. Rfe1 Nxe3 18. Nxc8 Bc6 (18...
Bc5 19. b4 Bd4 20. c3 Bxc3 21. Rxe3 Bxa1 22. Kxg2) 19. Nd6+ Bxd6 20. exd6 Nef5
21. a4 Nxd6 22. a5 Ke7 $13) 16. Nxc8 Nxe3 {mit ausgezeichnetem Gegenspiel.
Indessen haette Weiss mit 11.0-0 (statt 11.  a3?) auf ... Sa5 mit 12.Sd1!?
Scd4 13.Lf4, mit der Idee a4 nebst b3 usw., fortfahren koennen.}) 12. axb4 Nxb4
13. Be4 Bxe4 14. Nxe4 Nxc2+ (14... Qb7 $2 15. Qf3 {Droht Sd6+ bzw. Sf6+ mit
Damengewinn.} Nxc2+ 16. Nxc2 Qxb2 17. O-O Rxc2 (17... Qxc2 18. Rac1) 18. Rab1)
(14... Nf5 $6 15. Nxf5 Nxc2+ 16. Kf2 exf5 17. Nd6+ Bxd6 18. exd6 Qxd6 $4 (18...
Qc4) 19. Bc5+ Qe6 20. Qxc2) 15. Nxc2 Qxc2 16. Qxc2 Rxc2 17. Rxa6 {Nun droht
einfach 18.Ta8+ Ke7 19.Sd6 mit Matt.} Bb4+ 18. Kd1 Rc8 19. Ke2 O-O 20. Rc1 Rxc1
21. Bxc1 f6 (21... Rc8 22. Be3 Nf5 23. Bf2 h5 24. Kd3 {mit der Idee Tb6-b7
verspricht Weiss ebenfalls entscheidenden Vorteil}) 22. Rb6 $1 Be7 23. Rb7 Rd8
(23... fxe5 24. Rxd7 Bf6 25. Nxf6+ Rxf6 26. fxe5 Rf5 27. b4 {gibt Weiss
aufgrund des entfernten Freibauern entscheidenden Vorteil.}) 24. Be3 fxe5 25.
fxe5 Nf7 26. Bb6 Re8 {Oder 26...Tc8? 27.Txd7 Tc2+? 28.Kd1 Txb2 29.Txe7 Txb6?
30.Te8 matt. Jetzt kann Schwarz auf 27.Txd7 Sxe5 spielen.} 27. Bc7 (27. Bd4 $5
{mit der Idee, mit b4-b5-b6 fortzufahren, wonach Schwarz, da 27...d6 wegen 28.
exd6 und der Laeufer schaut nach g7, scheitert, mit ...Td8 ohne Aussicht auf
Gegenspiel fortsetzen.}) 27... Rc8 28. Nd6 Ra8 29. Nc4 {29.Sxf7 kaeme Schwarz
zugute. Jetzt ist alles unter Kontrolle und es droht einfach Sb6-d7;
hartnaeckiger war 29... Lc5, doczh haette dies nichts mehr am Partieausgang
geaendert.} Nd8 30. Bxd8 Rxd8 31. Nb6 Kf7 32. Rxd7 Rb8 {Turmtausch waere
hoffnungslos.} 33. Nc4 h5 34. Kd3 g5 {Nicht besser war auch 34... h4 35.Kc3 h3
36.gxh3 Th8 37.Td3.} 35. Kc3 Ke8 36. Ra7 Kd8 37. Ra6 Bb4+ (37... Kd7 38. Nd6 $1
{mit der Idee Ta7+ nebst b4-b5} Bxd6 39. Rxd6+ Ke7 40. b4 Rb5 41. Ra6 {mit
gewonnenem Turmendspiel.}) 38. Kd4 Kd7 39. Rb6 Rxb6 40. Nxb6+ Kc6 41. Nc4 Be1
42. h3 Bb4 43. Nd6 Bd2 44. Ne8 {Droht 45.Sg7 bwz. auf 44... Kd7 45.Sf6+.} h4
45. Nf6 Bf4 46. Nh7 $1 {Mit der Idee 46... Kd7 47.Sf8+ Ke7 48.Sg6+.} Bc1 47.
Nf8 Bxb2+ 48. Ke4 Bc1 49. Nxe6 Kd7 50. Kf5 Ke7 51. Nxg5 Be3 52. Nf3 Bf2 53. e6
Bg3 54. Ne5 Ke8 55. Ng6 Bf2 56. Kg5 Be1 {Etwas schwerer hat es Weiß nach 56...
Kd8 57.Kf6 (ebenso gewinnt 57.Sxh4 Ke7 58.Sf5+ Kxe6 59.Kg6) Ke8 58.e7 Lc5 59.
Ke6 Lb4 60.Sxh4 Lxe7 61.Sg6!.} 57. Nxh4 Ke7 58. Nf3 Bc3 59. Kf5 Bb2 {Schwarz
kostet den Kelch bis zur bitteren Neige und streckte erst nach} 60. g4 Ba1 61.
g5 Bg7 62. h4 Bc3 63. h5 Kf8 64. Ne5 Bb4 65. h6 Bc3 66. h7 Kg7 67. e7 Kxh7 68.
e8=Q {die Waffen.} 1-0

[Event "Sitges Sunway op 3rd"]
[Site "Sitges"]
[Date "2016.12.23"]
[Round "9"]
[White "Lopez Martinez, Josep Manuel"]
[Black "Ivanisevic, Ivan"]
[Result "1-0"]
[WhiteElo "2552"]
[BlackElo "2648"]
[Annotator "Dahale,Atul"]
[PlyCount "83"]
[EventDate "2016.12.16"]
[EventType "swiss"]
[EventRounds "9"]
[EventCountry "ESP"]
[SourceTitle "EXT 2019"]
[Source "ChessBase"]
[SourceDate "2018.10.10"]
[SourceVersion "1"]
[SourceVersionDate "2018.10.10"]
[SourceQuality "1"]

{This was the last round of the tournament. Whoever wins will finish in top
rankings. Both players were in fighting mood.} 1. e4 c5 {Sicilian defense is
considered one of the most aggressive openings suitable for the crucial last
round!!} 2. Nf3 Nc6 3. d4 cxd4 4. Nxd4 Qc7 5. Nc3 e6 6. Be3 a6 {This is
starting well known position of Sicilian Taimanov. Here White has several
options to build up his position like Bd3 Qd2 f4 and Be2. But Lopez played a
queen move which is a hot favourite nowadays i.e Qf3!} 7. Qf3 $5 d6 8. O-O-O
Bd7 9. Qg3 Nf6 10. f3 Rc8 11. Nxc6 Bxc6 12. Bd3 b5 13. Kb1 Nd7 14. Rhe1 Nc5 {
As you can see White has completed his development, his all pieces are playing
whereas Black's king is still in the center. The bishop of f8 is stuck to
protect the g7-pawn, so basically White should react fast and take advantage
of his development. How will you do it?} 15. Nd5 $1 {Typical move in this type
of position, when your both rooks are positioned in front of the opponent's
king!} Qb7 ({Obviously Black can not take the knight:} 15... exd5 $2 16. exd5
Bxd5 17. Bxc5+ Be6 18. Bd4 $18) 16. Bd4 Nxd3 17. Rxd3 e5 {Now again this is
the critical position. White can not allow Black to complete his development..
if white moves his bishop back then Black will get some time and moreover the
center will be closed so there will be more chances for Black to complete his
development!} 18. Bxe5 $1 {Excellent!, White is not afraid to give up one
piece, he will get pawns and Black's position will collapse!} dxe5 19. Qxe5+
Be7 20. Qxg7 Rf8 21. Qxh7 {Now its just matter of time when Black has to give
up, although he has two bishops but they are not of great use. Pawns will
dominate the rest of the game plus the strong knight in the center! Rest is
easy!} Bd8 22. Nf4 Bc7 23. e5 Ba5 24. Re2 Rd8 25. e6 Rxd3 26. cxd3 Bb4 27.
exf7+ Kd7 28. Qf5+ Kc7 29. Ne6+ Kb6 30. Nxf8 Bxf8 31. Re8 Ka5 32. Rxf8 Qe7 33.
Re8 Bxe8 34. fxe8=Q Qxe8 35. Qe4 Qh8 36. h4 Qh6 37. a3 Kb6 38. Qd4+ Ka5 39.
Qd8+ Ka4 40. Qc7 b4 41. Qc4 a5 42. Ka2 1-0

[Event "FRA-chT Top 12"]
[Site "Belfort"]
[Date "2012.06.03"]
[Round "4.4"]
[White "Edouard, Romain"]
[Black "Kulaots, Kaido"]
[Result "0-1"]
[WhiteElo "2625"]
[BlackElo "2574"]
[Annotator "Edouard,R"]
[PlyCount "118"]
[EventDate "2012.05.31"]
[EventType "team-tourn"]
[EventRounds "11"]
[EventCountry "FRA"]
[SourceTitle "CBM 149"]
[Source "ChessBase"]
[SourceDate "2012.07.17"]
[SourceVersion "1"]
[SourceVersionDate "2012.07.17"]
[SourceQuality "1"]
[WhiteTeam "Chalonnais Echiquier"]
[BlackTeam "Deauvillais Echiquier"]
[WhiteTeamCountry "FRA"]
[BlackTeamCountry "FRA"]

1. e4 c5 2. Nf3 e6 3. d4 cxd4 4. Nxd4 Nc6 5. Nc3 Qc7 6. Be3 a6 7. Qd2 Nf6 8.
O-O-O Nxd4 $5 {A side line which seems very interesting, and that I didn't
know.} ({Of course} 8... Bb4 {is the main move.}) 9. Qxd4 (9. Bxd4 e5 10. Be3
Bb4 11. f3 d6 {is definitely good for Black, e.g.} 12. a3 Bxc3 13. bxc3 (13.
Qxc3 Qxc3 14. bxc3 Ke7 $36) 13... Ke7 $13) 9... Ng4 10. Qb6 (10. Be2 Nxe3 11.
fxe3 {with the idea of playing Rhf1 is suggested by the engine, and might be
one way to avoid forced lines like in the game.}) 10... Qc6 $8 (10... Qxb6 $2
11. Bxb6 {would be bad for Black, since} d6 {is losing a pawn due to} 12. Be2
Nf6 13. Bc7 {with the idea of} Kd7 $6 14. Bxd6 Bxd6 15. e5 Ne8 16. Ne4 $18) 11.
Bd4 e5 $8 {Black should not give White time for Be2.} 12. Be3 (12. Nd5 $2 exd4
13. Nc7+ Kd8 14. Nxa8+ Qxb6 15. Nxb6 Nxf2 $15) 12... Be7 {Till here all the
main moves have been played, and probably White doesn't have an advantage, or
only a symbolic one!} 13. Nd5 ({A better option might be:} 13. Be2 d6 ({
During the game I was afraid of} 13... Bg5 $5 $146 {but I missed that I could
just play} 14. Qa5 {after which Black's only move is actually} Bd8 15. Qc5 {
and Black cannot force a draw by playing bishop moves since} Be7 16. Qxc6 $1
dxc6 17. Bb6 {is better for White.}) 14. Kb1 Be6 15. Bxg4 Bxg4 16. Rd2 Be6 17.
Nd5 Bxd5 (17... Bd8 $5 $146 18. Qb3 Rc8 19. f4 O-O 20. f5 Bxd5 21. Rxd5 Qc4 {
should be close to a draw.}) 18. Rxd5 Qxb6 19. Bxb6 Rc8 20. b3 Kd7 21. c4 $14 {
1/2-1/2 (43) Kosintseva,T (2526)-Javakhishvili,L (2475) Porto Carras GRE 2011})
13... Bd8 14. Qb3 (14. Qb4 Nxe3 15. Nxe3 Be7 {is OK for Black.}) 14... d6 15.
Be2 Nxe3 16. Qxe3 (16. Nxe3 {was my first idea but after} O-O {Black is just
fine, since White has no time for Bc4 or Bg4.} (16... Qxe4 $4 17. Bf3 $18) (
16... Be6 $6 17. Bc4 $14) (16... b5 $5)) 16... Be6 {Black is dynamic enough to
compensate for the d5-square. White will counter ...f5 by playing Bf3 but
anyway objectively Black is fine.} 17. h3 {[%cal Ge2g4]} (17. f4 exf4 18. Qxf4
Rc8 19. c3 O-O {is OK for Black.}) 17... Rc8 18. c3 Qc5 (18... O-O $5) 19. Qd2
{Probably it would already have been time just to exchange queens and make a
draw!} O-O ({Even} 19... Bxd5 20. Qxd5 Qxd5 21. Rxd5 Ke7 {is a bit better for
White but very close to a draw.}) 20. Bg4 $4 {Just giving away a pawn in one
move.} (20. Rhf1 {is about equal.}) 20... Qc4 $17 21. Qd3 ({Probably the best
chance would have been} 21. a3 Qxe4 22. Ne3 Bxg4 23. hxg4 Bg5 24. Qd3 {and
White keeps few practical chances for a draw.}) 21... Qxa2 22. Kc2 Rc5 (22...
Qa4+ 23. Kb1 Rc5 {avoiding the exchange of queens and threatening ...f5 just -
logically - wins according to the computer.}) 23. Ra1 Qc4 24. Qxc4 Rxc4 25. Kd3
Bxd5 26. exd5 Rc5 {Though there are opposite coloured bishops, the ending is
of course technically lost.} (26... Rf4 {is also possible, but White doesn't
lose immediately thanks to} 27. f3 $5 {with the idea of} f5 $2 28. g3 $132) 27.
Kc2 a5 28. Rad1 $6 (28. Rhb1 {with the idea of playing b4 would have been a
better defence. But I had not only played like a beginner, but also no longer
had any time on the clock!}) 28... g6 29. Be2 b5 30. h4 b4 31. h5 Bf6 32. hxg6
hxg6 {White has no counterplay at all. The position is simply lost.} 33. Ba6 $6
{And that move definitely doesn't help!} Rb8 $19 34. Rh3 a4 35. Rg3 a3 $2 {
No need for such a hurry.} (35... e4 {would put an end to the game:} 36. Re3
bxc3 37. bxc3 a3 38. Rb1 Ra8 $19) 36. bxa3 bxa3 37. Rb1 Ra8 $1 {The safest
choice.} ({I guess my opponent didn't go} 37... Rxb1 38. Kxb1 Rxd5 (38... Bh4
$1 39. Rf3 f5 $19) {because of} 39. Rd3 (39. Rxg6+ Bg7 $19) {but I guess after}
39... Rxd3 40. Bxd3 Bg5 $1 {(idea Ka2 Bc1) Black should win anyway.}) 38. Bb7
Ra7 39. Bc6 Kg7 (39... Bh4 $5 $19) 40. Ra1 a2 41. Kb2 e4 $1 {An important move.
} ({After} 41... Rca5 $2 42. Rg4 $1 {followed by Rb4-Rb3 White would suddenly
have decent chances for a draw.}) 42. Re3 Ra6 $1 43. Kb3 Rb6+ 44. Kc2 Bd4 45.
Rxa2 Bxe3 46. fxe3 Kf6 (46... Rb4 $5 {would be the most "technical" win: White
can no longer move anything (Rbc4 can come at any moment, and Kd2 loses to ...
Rb3 or ...Rb1) and Black will play ...Kh6, ...f5, and bring his king to g3! Of
course taking on c6 at some point is also possible but objectively there is no
reason to enter that rook ending, though probably won.}) (46... f5 $19) 47. Ra4
Kf5 48. Ra7 f6 49. Re7 (49. Ra4 Ke5 50. g4 f5 $19) 49... Rc4 $2 {That move
doesn't make sense: but Black can come back to c5 at any moment! However my
opponent was lacking time for the first time of the game, so my hope could
grow up a little bit.} (49... Rb4 $1 $19) 50. Be8 Rb8 $8 {Avoiding Rg7.} (50...
g5 $4 51. Bd7+ Kg6 52. g4 {would be wrong for Black, who should now go} Kh6 $5
53. Bf5 Rxc3+ $1 $11 {in order to make a draw (stalemate).}) 51. Bc6 Rc5 52.
g4+ Kxg4 53. Rxe4+ Kf5 54. Ra4 $6 (54. Re6 {would have been best but after} Rd8
(54... Rxc6 $4 55. e4+ $36) 55. Kd3 Ra5 {Black's position should anyway be
winning.}) 54... g5 $19 55. Ra7 Kg6 56. e4 g4 57. Bd7 Kg5 58. Ra1 Rb7 59. Bc6
Rh7 0-1